[Event "Ricany op-A"]
[Site "Ricany"]
[Date "2019.08.25"]
[Round "2"]
[White "Stanek, Ondrej1"]
[Black "Prochazka, Jaroslav"]
[Result "1-0"]
[WhiteElo "2047"]
[BlackElo "1833"]
[PlyCount "51"]
[EventDate "2019.08.24"]
[EventType "swiss"]
[EventRounds "9"]
[EventCountry "CZE"]
[SourceTitle "EXT 2020"]
[Source "ChessBase"]
[SourceDate "2019.10.17"]
[SourceVersion "1"]
[SourceVersionDate "2019.10.17"]
[SourceQuality "1"]

1. e4 c5 2. Nf3 Nc6 3. Bb5 d6 4. 0-0 Bg4 5. h3 Bh5 6. c3 a6 7. Bxc6+ bxc6 8. Re1 e6 9. d4 cxd4 10. cxd4 Be7 11. Nc3 Nf6 12. Qa4 Qd7 13. e5 Nd5 14. exd6 Qxd6 15. Ne5 Rc8 16. Qxa6 0-0 17. Nxd5 Qxd5 18. Qc4 Qa5 19. Be3 c5 20. dxc5 Bxc5 21. Bxc5 Rxc5 22. Qe4 Rd8 23. Nc6 Bg6 24. Nxa5 Bxe4 25. b4 Re5 26. f4 1-0

[Event "Czechia KP-chTB 0607"]
[Site "Czech Republic"]
[Date "2007.02.18"]
[Round "8.7"]
[White "Buril, Petr"]
[Black "Prochazka, Jaroslav"]
[Result "0-1"]
[WhiteElo "2057"]
[BlackElo "1964"]
[PlyCount "59"]
[EventDate "2006.10.29"]
[EventType "team-tourn"]
[EventRounds "11"]
[EventCountry "CZE"]
[SourceTitle "EXT 2008"]
[Source "ChessBase"]
[SourceDate "2007.11.25"]
[SourceVersion "1"]
[SourceVersionDate "2007.11.25"]
[SourceQuality "1"]
[WhiteTeam "Ricany II"]
[BlackTeam "Brodce"]
[WhiteTeamCountry "CZE"]
[BlackTeamCountry "CZE"]

1. f4 e5 2. fxe5 d6 3. exd6 Bxd6 4. Nf3 Nf6 5. d4 Ng4 6. Qd3 0-0 7. Bg5 Qe8 8. Nc3 h6 9. Bd2 Qd8 10. g3 Nf6 11. Nb5 Nc6 12. Bg2 a6 13. Na3 Nb4 14. Bxb4 Bxb4+ 15. c3 Bxa3 16. bxa3 Qe7 17. 0-0 Be6 18. Rac1 Bf5 19. Qd2 Rfd8 20. Rfe1 Qe4 21. a4 Rd6 22. Bf1 Re8 23. a3 Bg4 24. Ne5 c6 25. Nxg4 Qxg4 26. Qd3 h5 27. Ra1 h4 28. Bg2 hxg3 29. h3 Qh5 30. Rf1 0-1

[Event "Czechia KP-chTB 0607"]
[Site "Czech Republic"]
[Date "2006.10.29"]
[Round "1.8"]
[White "Rubes, Zdenek"]
[Black "Prochazka, Jaroslav"]
[Result "0-1"]
[WhiteElo "1747"]
[BlackElo "1962"]
[PlyCount "54"]
[EventDate "2006.10.29"]
[EventType "team-tourn"]
[EventRounds "11"]
[EventCountry "CZE"]
[SourceTitle "EXT 2008"]
[Source "ChessBase"]
[SourceDate "2007.11.25"]
[SourceVersion "1"]
[SourceVersionDate "2007.11.25"]
[SourceQuality "1"]
[WhiteTeam "Podebrady"]
[BlackTeam "Brodce"]
[WhiteTeamCountry "CZE"]
[BlackTeamCountry "CZE"]

1. d4 Nf6 2. Nf3 g6 3. c4 d6 4. Nc3 Nbd7 5. e4 e5 6. dxe5 dxe5 7. Bg5 Bg7 8. Be2 0-0 9. 0-0 Re8 10. Qc2 c6 11. Rfd1 Qc7 12. h3 Nc5 13. b4 Ne6 14. Be3 Nh5 15. g3 Nd4 16. Nxd4 exd4 17. Bxd4 Bxd4 18. Rxd4 Nxg3 19. Bg4 h5 20. Bxc8 Raxc8 21. Rad1 h4 22. fxg3 Qxg3+ 23. Kf1 Re6 24. Ke2 Rf6 25. Kd2 Qg5+ 26. Ke1 Qg1+ 27. Kd2 Qxd4+ 0-1